000
00298nam a2200109Ia 4500
008
190914s9999||||xx |||||||||||||| ||und||
100
_a
Vaneesa Jakeman
245
0
_a
Cambridge Insight into IELTS Extra with Answers
260
_a
Cambridge
_b
Cambridge University
_c
2004
300
_a
630
942
_c
BK
999
_c
9100
_d
9100